| 000 | 00394nam a22001457a 4500 | ||
|---|---|---|---|
| 020 | _a9788121702485 | ||
| 082 |
_aS 181.48 _bVID/V |
||
| 100 |
_aVidyaranyamuni _934406 |
||
| 245 |
_aVivaranaprameyasangraha/ _cby Vidyaranyamuni |
||
| 260 |
_aNewdelhi: _bBharathiya Vidya Prakashan, _c2012. |
||
| 300 | _a880p. | ||
| 650 |
_aVedanta Philosophy _934407 |
||
| 650 |
_aPhilosophy _934408 |
||
| 942 | _cBK | ||
| 999 |
_c70229 _d70229 |
||